| 000 | 01841nam0a2200385 4500 | ||
|---|---|---|---|
| 001 | RU\NLR\bibl\508290 | ||
| 005 | 20260407093703.0 | ||
| 021 |
_aRU _b2003-72823 _93611 |
||
| 035 | _aRSL-KNO-002395184 | ||
| 035 | _a(NLR Aleph) 000500814 | ||
| 090 |
_a1172422 _c1172422 |
||
| 100 | _a20031226d2003 |||y0rusy50 ca | ||
| 101 | 0 | _arus | |
| 102 | _aRU | ||
| 105 | _ay ||||||||| | ||
| 106 | _ar | ||
| 200 | 1 |
_aОсновы педагогики и психологии профессиональной деятельности _eУчеб. пособие _fМ-во образования Рос. Федерации, Тамб. гос. ун-т им. Г.Р. Державина, Акад. непрерыв. образования _g[Авт.-сост.: О.В. Бескровная и др. _gПод общ. ред. к.п.н., доц. О.В. Бескровной] |
|
| 210 |
_aТамбов _cИзд-во ТГУ _d2003 |
||
| 215 |
_a181 с. _d20 |
||
| 320 | _aБиблиогр.: с. 179-180 (22 назв.) | ||
| 606 | 0 |
_aПрофессиональная деятельность _jУчебные издания для высших учебных заведений _xПсихологические исследования _92280342 _3RU\NLR\AUTH\6601594540 |
|
| 686 |
_aЧ45я73-1 _2rubbk |
||
| 686 |
_aЮ941.19я73-1 _2rubbk |
||
| 686 | _aЮ941.1я73 | ||
| 686 | _aЧ30я7 | ||
| 702 | 1 |
_aБескровная _bО. В. _gОльга Васильевна _4220 |
|
| 712 | 0 | 2 |
_4570 _aТамбовский государственный университет им. Г. Р. Державина _3RU\NLR\AUTH\889917219 _9330608 |
| 801 | 0 |
_aRU _bRuMoRKP _c20031226 _gPSBO |
|
| 801 | 1 |
_aRU _bRuMoRKP _c20031226 |
|
| 801 | 2 |
_aRU _bNLR _c20040406 _gPSBO |
|
| 830 | _aСост. по кн. | ||
| 942 | _cBOOK | ||
| 980 | _aNB | ||